Регионална библиотека "Любен Каравелов" - Русе

Житото и хлябът (Запис номер 400234)

MARC детайли
000 -Лидер
Контролно поле с фиксирана дължина nam a22 a 4500
003 - Код на организацията, давaща контролен номер
Контролно поле BLK
005 - Дата и час на последна редакция
Контролно поле 20210308152208.0
008 - Елементи от данни с фиксирана дължина
fixed length control field 210308b bul|||||r ||||||| ||bul||
010 ## - Наследен системен номер
LC control number KNG00214814000
020 ## - Международен стандартен номер на книга ISBN
Международен стандартен номер на книга ISBN 9786191515585
040 ## - Източник на каталожния запис
Идентификатор на билиотеката - собственик на записа BLK
041 ## - Код за език
Код за езика на текст/звукозапис или на отделно заглавие Български
Код за езика КДБФ Български
072 #7 - Код за тематичната категория
Код организация bullib
Код за тематична категория Н85
Текст Детска художествена литература Н
080 ## - УДК
Текстов определител УДК Българска литература
УДК код - определител по УДК 821.163.2
УДК определител -93-1
УДК - код + определител 821.163.2-93-1
100 ## - Редна дума - Автор
Автор Николов, Любомир
Авторска отговорност стихове
R(LIN) 1426
139 ## - Редно поле
Редна дума Николов, Любомир
Авторски знак Николо - Н 74
245 10 - Сведения за заглавието
Заглавие Житото и хлябът
Редно поле (дума) Любомир Николов; худож. Кирил Танев.
257 ## - Страна на издаване
Страна на създаване/издаване България
260 ## - Област на издателските данни
Име на издателя, разпространителя и проч. СофтПрес
Година на издаване 2020
Печатница Добрич : Фолиарт
Място на издаване, разпространение и проч. София
300 ## - Физическа характеристика
Страници 10с.
Илюстрации и др. с цв. ил.
Размери/Мащаб 22 см
380 ## - Жанр
Жанр Детска худож. лит.
490 ## - СЕРИИ (Колекции)
9 (RLIN) 420569
Име на серия При баба и дядо на село
№: серия 5
500 ## - Общи забележки
Забележка Кор. опис. - Името на ил. отбелязано в изд. каре.
653 ## - Ключова дума – ненормативна
Ключова дума приказки
653 ## - Ключова дума – ненормативна
Ключова дума литература за деца
653 ## - Ключова дума – ненормативна
Ключова дума детска литература
659 ## - Тематичен бюлетин
Тематичен бюлетин Н
700 ## - Други автори (авторска отговорност)
Лично име Танев, Кирил Танев
Автороска отговорност (Описва отношението между автора и произведението) худож.
9 (RLIN) 291988
852 ## - Местоположение
Фондова буква Детски отдел
Систематично-азбучна сигнатура 821.163.2-93/Н 74Л
Форматна сигнатура Цб 306812
856 4# - Електронен адрес и достъп
Електронен формат pdf - файл
856 4# - Електронен адрес и достъп
Електронен формат pdf - файл
999 ## - СИСТЕМНИ КОНТРОЛНИ НОМЕРА
Koha biblionumber 400234
Koha biblioitemnumber 400234
942 ## - АРТИКУЛИ
Вид на библиотечния материал Книги
Скрит в OPAC Не
Периодичен библиозапис Да
944 ## - СЪЗДАВАНЕ И РЕДАКЦИЯ на ЗАПИСА
Създаване/Редакция Създаване
Дата на регистрацията/редакция 2021-03-08
Статус, дата на статуса 2021-03-08
Служител, извършил регистрацията/редакцията А.М.
999 ## - СИСТЕМНИ КОНТРОЛНИ НОМЕРА
Koha biblioitemnumber 400234
999 ## - СИСТЕМНИ КОНТРОЛНИ НОМЕРА
Koha biblioitemnumber 377028
999 ## - СИСТЕМНИ КОНТРОЛНИ НОМЕРА
Koha biblioitemnumber 377028
999 ## - СИСТЕМНИ КОНТРОЛНИ НОМЕРА
Koha biblioitemnumber 377024
999 ## - СИСТЕМНИ КОНТРОЛНИ НОМЕРА
Koha biblioitemnumber 205209
Наличности
Код за отписване Код за изгубен артикул Източник на класификационната схема Код за повреда Код за отдаване Артикулен № Име на библиотеката - собственик Име на библиотеката, в която се намира в момента Статус (Текущо местоположение) Дата на вписване в системата Местоположение - отдел Цена в лева Систематично азбучна сигнатура Баркод Цена в евро Служебен тип на артикула
  Не е изгубен Universal Decimal Classification Не е повреден ползва се в читалня 815282 Регионална библиотека "Любен Каравелов" Русе Регионална библиотека "Любен Каравелов" Русе Хранилище 2021-03-09 Хранилище 3.99 Цб 306812 120000852619 2.04 Книги
Vip Innovations Ltd, Rousse, Bulgaria 2025